000 00423nam a2200181Ia 4500
005 20250508152734.0
008 008 250505s9999 xx 000 0 hin d
037 _aTextual
040 _aFEDL
_beng
_cFEDL
041 _ahin
_2eng
084 _aFH, KHA
_qFEDL
100 _aKhandekar
245 0 _aPehla prem
260 _c1956
300 _a190p.
942 _cTEXL
_hFH, KHA
999 _c1338424
_d1338424